000 01091nam a2200217 a 4500
005 20180803165402.0
008 140129b20082009ck ||||| |||| 00| 0 spa d
040 _cCO-BoIH
041 _aspa
044 _ack
090 _aIAVH
_b00955
245 _aInstituciones financieras y sus experiencias de financiamiento con empresas el sector de biocomercio y sus requerimientos en materia de capacitación
260 _aBogotá
_bInstituto Alexander von Humboldt
_bCAF
_bPNUMA
_c2008-09-08
300 _a3 p.
520 _aEste artículo pertenece a la publicación adelantada en el marco del proyecto Facilitación de financiamiento para negocios basados en la biodiversidad y apoyo a actividades de desarrollo de mercados en la región Andina; presenta los principales aspectos encontrados a partir de la encuesta realizada a los principales oferentes de recursos que intervienen en iniciativas de biocomercio sostenible
650 _aSector biocomercio
_95631
650 _aInstituciones financieras
_95632
650 _aCapacitación
_992246
942 _cINFORME
_2z
945 _d2008-09-08
999 _c6548
_d6548